La existencia de lesiones cutaneas en las Leíshmaniosis visceral mediterránea y su significación epidemiológica / (Record no. 111324)

MARC details
000 -LEADER
campo de control de longitud fija 00620nam a2200169 4500
001 - NÚMERO DE CONTROL
campo de control 111324
003 - IDENTIFICADOR DE NÚMERO DE CONTROL
campo de control ES-MaACL
005 - FECHA Y HORA DE LA ÚLTIMA TRANSACCIÓN
campo de control 20230906185301.0
007 - CAMPO FIJO DE DESCRIPCIÓN FÍSICA--INFORMACIÓN GENERAL
campo de control de longitud fija t|
008 - DATOS DE LONGITUD FIJA--INFORMACIÓN GENERAL
campo de control de longitud fija 061121s1945 sp r ||||1| spa d
100 1# - ENTRADA PRINCIPAL--NOMBRE DE PERSONA
Nombre de persona Nájera Angulo, Luis.
9 (RLIN) 84870
245 13 - MENCIÓN DEL TÍTULO
Título La existencia de lesiones cutaneas en las Leíshmaniosis visceral mediterránea y su significación epidemiológica /
Mención de responsabilidad, etc. Luis Nájera Angulo.
260 ## - PUBLICACIÓN, DISTRIBUCIÓN, ETC.
Lugar de publicación, distribución, etc. Barcelona :
Nombre del editor, distribuidor, etc. [s.n.],
Fecha de publicación, distribución, etc. [1945?] (
Fabricante Imp. Clarasó)
300 ## - DESCRIPCIÓN FÍSICA
Extensión 10 p. ;
Dimensiones 29 cm.
500 ## - NOTA GENERAL
Nota general Separata de la Rev. Clínica Española- T. XVIII nº 1, 1945.
852 ## - LOCALIZACIÓN
Ubicación ES-MaACL
Número de control de estantería 1869-F-15
Sublocalización o colección R.22167
Holdings
Estatus retirado Estado de pérdida Estado de daño No para préstamo Colección Biblioteca de origen Biblioteca actual Ubicación en estantería Fecha de adquisición Fuente de adquisición Total de préstamos Signatura topográfica completa Código de barras Visto por última vez Precio de reemplazo Tipo de ítem Koha
        Colección de folletos Biblioteca del Ateneo de Madrid Biblioteca del Ateneo de Madrid Depósito folletos 17/01/2008     1869-F-15 1116143 23/02/2023 23/02/2023 Folleto